000 00566nam a2200181 i 4500
001 21578
003 ES-MaACL
005 20240613063023.0
007 t|
008 021126s1969 sp ||||1| spa d
100 1 _aSantiago, José Alberto,
_d1934-2003
_9103380
245 1 0 _aArbol de asombro /
_cJosé Alberto Santiago ; prólogo de Eladio Cabañero.
260 _aMadrid :
_bBiblioteca Nueva,
_c1969.
300 _a52 p. ;
_c21 cm.
700 0 _aCabañero, Eladio,
_d1930-2000
_933159
852 _aES-MaACL
_jC-37002
_bR.70453
999 _c21578
_d21578